Największe miasta nad Odrą - Statystyki

Ogólne statystyki
  • Ten quiz został rozwiązany 72 razy
    59 od ostatniego zresetowania
  • Średni wynik to 6 z 10
Statystyki odpowiedzi
Ludność Miasto % Poprawnych
674 132 Wrocław
98%
391 566 Szczecin
88%
126 755 Opole
84%
139 278 Zielona Góra
60%
52 723 Kędzierzyn-Koźle
52%
62 886 Głogów
48%
50 743 Racibórz
48%
283 504 Ostrawa
40%
57 015 Frankfurt nad Odrą
28%
38 566 Nowa Sól
20%
Nie znaleziono quizów pasujących do podanych kryteriów
Rozkład punktacji
Procent ludzi z każdym wynikiem
Percentyl według liczby udzielonych odpowiedzi
Twoja historia wyników
Nie rozwiązałeś tego quizu od ostatniego zresetowania